000 00321nam a2200133Ia 4500
008 191201s2005 xx 000 0 und d
100 _aGIEBERT, Daniel R
245 0 _aSignal Processing First
250 _a2nd
260 _aN.Delhi
_bPearson Education
_c2005
300 _a511
650 _aB.Tech(ECE)
942 _2ddc
_cBK
999 _c2179
_d2179